000 00320nam a2200133Ia 4500
005 20260328104329.0
008 260328s9999||||xx |||||||||||||| ||und||
100 _aLovell, Sophie
245 0 _aBerlin in Fifty Design Icons /
_cSophie Lovell
260 _bWallpaper
300 _a36 p.
650 _aBERLIN
942 _cBK
999 _c11640
_d11640